| 000 | 00509nam a2200181 a 4500 | ||
|---|---|---|---|
| 005 | 20140412111238.0 | ||
| 008 | 001115s19uu xx 00 eng d | ||
| 020 | _a1-56293-151-2 | ||
| 050 |
_aER _bWh55 1991 |
||
| 245 |
_aWhere do we live? / _cillustrated by Sue Cony. |
||
| 260 |
_a[s.l.] : _bJoshua Morris Pub., Inc, _c1991. |
||
| 300 | _a1 v. (unp.) | ||
| 440 | _aBoard book series | ||
| 650 | _aDogs -- Stories | ||
| 650 | _aAnimals -- Stories | ||
| 650 | _aAnimals -- Habitations | ||
| 999 |
_c102551 _d102551 |
||